000 01249nam a2200325 i 4500
001 bg
003 BPK
005 20211130135513.0
008 991110s1999 pl a j |000 0 pol
015 _aPB 1999/17589
020 _a8372550190
020 _a8372550115
040 _aWA N
_cBPK
041 1 _apol
_hger
080 _a94(100)
100 1 _aGombrich, Ernst Hans
_d(1909-2001)
_eAutor
245 1 0 _aKrótka historia świata /
_cErnst H. Gombrich ; przekł. Zofii Rudzkiej ; przejrz. i uzup. Barbara Tarnas.
246 1 _iTyt. oryg. :
_aKurze Weltgeschichte für junge Leser,
_f1998.
250 _aWyd. 2 popr. i uzup.
260 _aWarszawa :
_bPrószyński i S-ka,
_c1999.
300 _a331, [1] s. :
_bil., mapy ;
_c21 cm.
500 _aTyt. oryg. : Eine kurze Weltgeschichte für junge Leser, 1998. - Wyd. 1 pt. : Godziny wieków : historia świata dla ciebie.
655 4 _aWydawnictwa popularne
650 4 _aHistoria
700 1 _aTarnas, Barbara
_d(1941- ).
_eOprac.
700 1 _aRudzka, Zofia.
_eTłumaczenie
710 2 _aPrószyński i S-ka
_4pbl.
856 _uhttp://koha.tu.koszalin.pl/cgi-bin/koha/opac-detail.pl?biblionumber=39726
_yKatalog online BPK
942 _2UKD
_cKS
999 _c39726
_d39726